[Event "66. Offene Kölner Stadtmeisterschaft"]
[Site "Köln"]
[Date "2026.05.13"]
[Round "1.1"]
[White "Grabowski, Pawel"]
[Black "Lambertz, Walter"]
[Result "1-0"]
[WhiteElo "2255"]
[BlackElo "1804"]
[PlyCount "91"]
[WhiteTeam "SC Remagen-Sinzig e.V."]
[BlackTeam "Schachverein Turm Bergheim 25 e."]

1. d4 Nf6 2. Bf4 d5 3. e3 c5 4. c3 Qb6 5. Qc2 Nc6 6. Nf3 g6 7. Nbd2 Bf5 8. dxc5
Qxc5 9. Qb3 Bg7 10. Qxb7 O-O 11. Nb3 Qb6 12. Qxb6 axb6 13. Nbd4 Nxd4 14. exd4
Nh5 15. Bc1 Bd7 16. Be2 b5 17. Ne5 Bxe5 18. dxe5 Ng7 19. Be3 Rfc8 20. Kd2 Ne6
21. a3 Rab8 22. Rhd1 Kg7 23. Ke1 Nc7 24. Bc5 Re8 25. f4 Bf5 26. Bf3 Bc2 27. Rd2
Bb3 28. Kf2 e6 29. Bd6 Rbc8 30. Be2 Bc4 31. Bd1 b4 32. axb4 Ra8 33. Rxa8 Nxa8
34. b3 Bb5 35. Ra2 Nb6 36. Ra5 Bd3 37. Ke3 Bf1 38. g4 Rc8 39. Bc5 Nd7 40. Be2
Bxe2 41. Kxe2 h6 42. Bd4 Kf8 43. Kd3 h5 44. g5 Ke8 45. c4 dxc4+ 46. bxc4 1-0

[Event "66. Offene Kölner Stadtmeisterschaft"]
[Site "Köln"]
[Date "2026.05.13"]
[Round "1.2"]
[White "Sloka, Andreas"]
[Black "Stillger, Bernhard"]
[Result "0-1"]
[WhiteElo "1801"]
[BlackElo "2245"]
[PlyCount "40"]
[WhiteTeam "Klub Kölner SF e. V."]
[BlackTeam "Schachverein Mülheim-Nord 1931 e"]

1. e4 c5 2. Nf3 d6 3. d4 cxd4 4. Nxd4 Nf6 5. Nc3 a6 6. Bg5 e6 7. f4 h6 8. Bxf6
Qxf6 9. Qd2 g5 10. f5 Nc6 11. Nxc6 bxc6 12. fxe6 Bxe6 13. O-O-O Qe5 14. Be2 Rd8
15. Qd3 Bg7 16. Qxa6 O-O 17. Qxc6 Rb8 18. Qxd6 Qa5 19. e5 Bxe5 20. Qd3 Rxb2 0-1

[Event "66. Offene Kölner Stadtmeisterschaft"]
[Site "Köln"]
[Date "2026.05.13"]
[Round "1.3"]
[White "Balduan, Markus"]
[Black "Fiedler, Ralf"]
[Result "1-0"]
[WhiteElo "2233"]
[BlackElo "1800"]
[PlyCount "81"]
[WhiteTeam "SV Dormagen 1947"]
[BlackTeam "SK Bad Sooden-Allendorf"]

1. c4 e5 2. g3 Nf6 3. Bg2 d5 4. cxd5 Nxd5 5. Nf3 Nc6 6. O-O Be7 7. d4 exd4 8.
Nxd4 Nxd4 9. Qxd4 Nf6 10. Qa4+ c6 11. Rd1 Qb6 12. Be3 Bc5 13. Bxc5 Qxc5 14. b4
Qb6 15. Na3 Be6 16. b5 c5 17. Nc4 Bxc4 18. Qxc4 O-O 19. Rac1 Rac8 20. e4 Qc7
21. e5 Nd7 22. f4 Rfe8 23. Qd5 Nf8 24. Qxb7 Qa5 25. Qa6 Qc7 26. Rd6 Red8 27.
Bh3 Rb8 28. Rcd1 Rb6 29. Rxd8 Rxa6 30. bxa6 c4 31. Rc8 Qb6+ 32. Kf1 Qe3 33.
Rdd8 g6 34. Rxf8+ Kg7 35. Rfd8 c3 36. Rc7 Qc1+ 37. Ke2 Qb2+ 38. Kf3 Qa1 39.
Rdd7 Kg8 40. e6 Qh1+ 41. Bg2 1-0

[Event "66. Offene Kölner Stadtmeisterschaft"]
[Site "Köln"]
[Date "2026.05.13"]
[Round "1.4"]
[White "Stein, Jean-Pierre"]
[Black "Gramb, Marius"]
[Result "0-1"]
[WhiteElo "1798"]
[BlackElo "2223"]
[PlyCount "100"]
[BlackTeam "Brühler SK 1920 e. V."]

1. Nf3 d5 2. d4 Nf6 3. c4 e6 4. Nc3 Bb4 5. Bg5 h6 6. Bh4 g5 7. Bg3 Ne4 8. Qc2
h5 9. h3 Nxg3 10. fxg3 Qd6 11. O-O-O Bxc3 12. bxc3 Qxg3 13. e4 Qf4+ 14. Kb2
dxe4 15. Ne5 Nd7 16. Re1 e3 17. Nd3 Qg3 18. Qc1 Nb6 19. Kb3 Bd7 20. Nc5 O-O-O
21. Rxe3 Qd6 22. Qa3 Kb8 23. Qa5 Rhg8 24. Bd3 Bc6 25. Rf1 Rg7 26. g3 Nd7 27.
Nxd7+ Qxd7 28. Rb1 f6 29. Kc2 Re7 30. Rb2 b6 31. Re1 e5 32. Qa3 e4 33. Bf1 e3
34. d5 Bb7 35. Bd3 c5 36. Rb5 Qxh3 37. Qb2 Qxg3 38. Re2 Qc7 39. a4 Ba6 40. Rb3
Rd6 41. Re1 Bc8 42. Kb1 a5 43. Ka2 f5 44. Rb1 Ka7 45. Qh2 Rh6 46. Qg2 g4 47.
Rd1 f4 48. Be4 Qe5 49. d6 Rxd6 50. Rxd6 Qxd6 0-1

[Event "66. Offene Kölner Stadtmeisterschaft"]
[Site "Köln"]
[Date "2026.05.13"]
[Round "1.5"]
[White "Vlasov, Igor"]
[Black "Deutsch, Matthias Georg"]
[Result "1-0"]
[WhiteElo "2215"]
[BlackElo "1792"]
[PlyCount "67"]
[WhiteTeam "Brühler SK 1920 e. V."]
[BlackTeam "SV Grünfeld e. V."]

1. c4 c5 2. Nf3 Nf6 3. Nc3 Nc6 4. d4 cxd4 5. Nxd4 g6 6. e4 d6 7. Be2 Bg7 8. Be3
O-O 9. Nc2 a6 10. O-O e5 11. f3 Be6 12. Qd2 Ne8 13. Nd5 Bxd5 14. cxd5 Ne7 15.
a4 f5 16. a5 Qd7 17. Na3 Nf6 18. Nc4 Nc8 19. Bd3 fxe4 20. fxe4 Ng4 21. Bg5 Rb8
22. Rxf8+ Bxf8 23. h3 h6 24. Bh4 g5 25. Bxg5 hxg5 26. Qxg5+ Qg7 27. Qxg4 Qxg4
28. hxg4 Be7 29. Ne3 b5 30. Rc1 Bg5 31. Kf2 Ne7 32. Rc7 Rf8+ 33. Nf5 Ng6 34.
Rg7+ 1-0

[Event "66. Offene Kölner Stadtmeisterschaft"]
[Site "Köln"]
[Date "2026.05.13"]
[Round "1.6"]
[White "Martens, Rune"]
[Black "Ivic, Roman"]
[Result "1-0"]
[WhiteElo "1791"]
[BlackElo "2201"]
[PlyCount "83"]
[BlackTeam "SV Dormagen 1947"]

1. e4 e5 2. Nf3 Nc6 3. Bb5 a6 4. Ba4 Nf6 5. d3 b5 6. Bb3 Be7 7. a4 Bb7 8. O-O
d6 9. Nc3 b4 10. Nd5 a5 11. Re1 O-O 12. c3 bxc3 13. bxc3 h6 14. h3 Rb8 15. Ra2
Nd7 16. d4 Bf6 17. Nxf6+ Qxf6 18. Bd5 Ne7 19. Bxb7 Rxb7 20. Nh2 Ng6 21. Ng4 Qh4
22. Kh2 Kh7 23. g3 Qe7 24. f4 exf4 25. gxf4 Nf6 26. f5 Nh8 27. e5 Nxg4+ 28.
Qxg4 dxe5 29. f6 Qxf6 30. Qe4+ Ng6 31. Qxb7 exd4 32. Qxc7 Nh4 33. Ree2 Qf1 34.
Qf4 Nf3+ 35. Kg3 dxc3 36. Rf2 Qh1 37. Rxf3 g5 38. Qf5+ Kg8 39. Bxg5 hxg5 40.
Qxg5+ Kh7 41. Qh5+ Kg7 42. Rg2 1-0

[Event "66. Offene Kölner Stadtmeisterschaft"]
[Site "Köln"]
[Date "2026.05.13"]
[Round "1.7"]
[White "Raasch, Jörg"]
[Black "Münch, Carsten"]
[Result "1-0"]
[WhiteElo "2185"]
[BlackElo "1791"]
[PlyCount "83"]
[WhiteTeam "Klub Kölner SF e. V."]
[BlackTeam "Brühler SK 1920 e. V."]

1. d4 Nf6 2. Nc3 d5 3. Bf4 c5 4. e4 dxe4 5. dxc5 Qxd1+ 6. Rxd1 a6 7. Nge2 Bg4
8. h3 Bh5 9. g4 Bg6 10. Bg2 Nc6 11. g5 Nd7 12. Nd5 O-O-O 13. Nb6+ Nxb6 14.
Rxd8+ Kxd8 15. cxb6 f5 16. gxf6 gxf6 17. Bc7+ Ke8 18. f3 e5 19. fxe4 Rg8 20.
Bf3 Bc5 21. c3 Bf7 22. b3 a5 23. Bg4 h5 24. Bf3 Ne7 25. Nc1 Nc8 26. Nd3 Bxb6
27. Bxb6 Nxb6 28. Nc5 Kd8 29. Nxb7+ Kc7 30. Nxa5 Ra8 31. b4 Na4 32. Kd2 Rg8 33.
c4 Rg3 34. Ke2 Nb2 35. h4 Kb6 36. Kf2 Rg8 37. Be2 Rd8 38. c5+ Kc7 39. b5 Nd3+
40. Bxd3 Rxd3 41. b6+ Kc8 42. Rb1 1-0

[Event "66. Offene Kölner Stadtmeisterschaft"]
[Site "Köln"]
[Date "2026.05.13"]
[Round "1.8"]
[White "Kuhle, Heinrich"]
[Black "Nagel, Bernhard"]
[Result "0-1"]
[WhiteElo "1789"]
[BlackElo "2180"]
[PlyCount "100"]
[WhiteTeam "SG Porz e. V."]
[BlackTeam "Kölner SK Dr. Lasker 186"]

1. d4 d5 2. Nf3 e6 3. e3 Nf6 4. c4 Be7 5. Bd3 dxc4 6. Bxc4 a6 7. O-O b5 8. Bd3
Bb7 9. Nbd2 c5 10. b3 Nc6 11. Bb2 cxd4 12. exd4 Nb4 13. Bb1 O-O 14. a3 Nbd5 15.
Ba2 Rc8 16. Rc1 Rxc1 17. Qxc1 Nf4 18. Qb1 Qd5 19. b4 Qh5 20. h3 Bd6 (20... Nxg2
21. Kxg2 Qg5+ 22. Kh1 Qxd2) 21. Qd1 Qg6 22. Nh4 Nxh3+ 23. Kh1 Qh6 24. Ndf3 Ng5
25. Bc1 Bxf3 26. Bxg5 Bxg2+ 27. Kg1 Qxg5 28. Nxg2 Qh6 29. f4 Nd5 30. Qf3 Qf6
31. Qf2 Nc3 32. Bb3 Qxd4 33. Qxd4 Ne2+ 34. Kf2 Nxd4 35. Rd1 Bc7 36. Rd3 Bb6 37.
Bd1 g6 38. Rc3 Rd8 39. Bf3 a5 40. Be4 axb4 41. axb4 Nc2+ 42. Kf3 Nxb4 43. Rb3
Bc5 44. Rc3 Bf8 45. Ne3 h5 46. Rc7 Rb8 47. Kg3 Na6 48. Ra7 Nc5 49. Bb1 Na4 50.
Bc2 Bc5 0-1

[Event "66. Offene Kölner Stadtmeisterschaft"]
[Site "Köln"]
[Date "2026.05.13"]
[Round "1.9"]
[White "Keller, Thomas"]
[Black "Roosen, Stefan"]
[Result "1-0"]
[WhiteElo "2176"]
[BlackElo "1786"]
[PlyCount "49"]
[WhiteTeam "Brühler SK 1920 e. V."]

1. d4 g6 2. e4 Bg7 3. Be3 c5 4. c3 cxd4 5. cxd4 d6 6. Nc3 a6 7. Be2 e6 8. Nf3
Nf6 9. Qd2 b5 10. e5 dxe5 11. dxe5 Qxd2+ 12. Nxd2 Nd5 13. Nxd5 exd5 14. f4 Be6
15. a4 b4 16. Rc1 Nd7 17. Nb3 Ke7 18. Nd4 Rhc8 19. Rxc8 Rxc8 20. Bxa6 Rc7 21.
Bb5 f6 22. Nc6+ Kf7 23. O-O Bf8 24. Rc1 Kg8 25. Ne7+ 1-0

[Event "66. Offene Kölner Stadtmeisterschaft"]
[Site "Köln"]
[Date "2026.05.13"]
[Round "1.10"]
[White "Niebel, Guido"]
[Black "Marcziter, Dmitrii"]
[Result "0-1"]
[WhiteElo "1779"]
[BlackElo "2174"]
[PlyCount "80"]
[WhiteTeam "Kölner SK Dr. Lasker 186"]
[BlackTeam "SG Porz e. V."]

1. f4 d5 2. Nf3 g6 3. e3 Bg7 4. d4 Nh6 5. Bd3 O-O 6. O-O Bf5 7. Qe2 c5 8. c3
Nd7 9. e4 dxe4 10. Bxe4 Qc7 11. Na3 a6 12. Nc2 e6 13. Nh4 Rfe8 14. Qf3 Rab8 15.
Bxf5 Nxf5 16. Nxf5 exf5 17. Be3 Re4 18. Qf2 Nf6 19. h3 Nd5 20. Rae1 c4 21. Bc1
Rbe8 22. Rxe4 Rxe4 23. g3 Qe7 24. Re1 b5 25. a3 Qe6 26. h4 Bf8 27. Ne3 Nb6 28.
Nc2 Nd5 29. Ne3 Nf6 30. Bd2 Bd6 31. Bc1 Nh5 32. Nc2 h6 33. Kg2 g5 34. hxg5 hxg5
35. g4 fxg4 36. Rxe4 Qxe4+ 37. Kg1 gxf4 38. Qh2 Ng3 39. Qg2 Ne2+ 40. Kf1 Qxg2+
0-1

[Event "66. Offene Kölner Stadtmeisterschaft"]
[Site "Köln"]
[Date "2026.05.14"]
[Round "2.1"]
[White "Mendes, David"]
[Black "Grabowski, Pawel"]
[Result "0-1"]
[WhiteElo "1894"]
[BlackElo "2255"]
[PlyCount "28"]
[BlackTeam "SC Remagen-Sinzig e.V."]

1. d4 Nf6 2. Nf3 e6 3. Bf4 b6 4. e3 Bb7 5. Bd3 g6 6. O-O Bg7 7. Nbd2 O-O 8. c4
d6 9. Qc2 Qe7 10. Rfc1 Nbd7 11. Rab1 e5 12. Bg5 e4 13. Nxe4 Bxe4 14. Bxe4 Qxe4
0-1

[Event "66. Offene Kölner Stadtmeisterschaft"]
[Site "Köln"]
[Date "2026.05.14"]
[Round "2.2"]
[White "Stillger, Bernhard"]
[Black "Kemp, Lutz"]
[Result "0-1"]
[WhiteElo "2245"]
[BlackElo "1880"]
[PlyCount "60"]
[WhiteTeam "Schachverein Mülheim-Nord 1931 e"]
[BlackTeam "SC Remagen-Sinzig e.V."]

1. d4 d5 2. c4 e6 3. Nf3 Nf6 4. g3 c6 5. Bg2 dxc4 6. Ne5 Bb4+ 7. Bd2 Qxd4 8.
Bxb4 Qxe5 9. Nd2 Qxb2 10. Rb1 Qd4 11. Qc2 b5 12. O-O Nd5 13. Bxd5 exd5 14. e4
Qb6 15. exd5 cxd5 16. Rfe1+ Be6 17. Qf5 a5 18. Qxd5 Qc6 19. Qg5 axb4 20. Qxg7
Rf8 21. Ne4 Nd7 22. Rxb4 O-O-O 23. Rxb5 Bd5 24. Rxd5 Qxd5 25. Qh6 f6 26. Qf4
Ne5 27. Re3 Qd1+ 28. Kg2 Qg4 29. Qh6 Qg6 30. Qf4 Rd4 0-1

[Event "66. Offene Kölner Stadtmeisterschaft"]
[Site "Köln"]
[Date "2026.05.14"]
[Round "2.3"]
[White "Berndt, Michael"]
[Black "Balduan, Markus"]
[Result "1/2-1/2"]
[WhiteElo "1881"]
[BlackElo "2233"]
[PlyCount "123"]
[WhiteTeam "SV Wusterhausen"]
[BlackTeam "SV Dormagen 1947"]

1. d4 d5 2. Nc3 Nf6 3. Bf4 e6 4. e3 Bd6 5. Nf3 a6 6. Bd3 Bxf4 7. exf4 Qd6 8.
Qd2 c5 9. dxc5 Qxc5 10. O-O O-O 11. Ne2 Nc6 12. Ne5 Nd7 13. Nxc6 bxc6 14. c3 a5
15. Rfe1 Ba6 16. Bc2 Bxe2 17. Rxe2 Rab8 18. b3 Rfe8 19. Rae1 Red8 20. Qe3 Qxe3
21. fxe3 f5 22. Rd2 Nb6 23. Red1 Rdc8 24. Bd3 a4 25. Kf2 axb3 26. axb3 Ra8 27.
c4 Ra3 28. Rb1 Nd7 29. cxd5 cxd5 30. Rc2 Rb8 31. Rc7 Nf6 32. Rc3 Ng4+ 33. Ke2
Nxh2 34. Kd2 Ng4 35. Be2 Nf6 36. Bd3 Ng4 37. Be2 Nf2 38. Bd3 Ra2+ 39. Rc2 Rxc2+
40. Bxc2 Kf7 41. b4 Ke7 42. Bd1 Ne4+ 43. Kd3 Kd6 44. Bf3 Nf6 45. Kc3 Ra8 46.
Kb3 Nd7 47. Rc1 Nb6 48. Be2 Ra7 49. Bb5 Rc7 50. Ra1 Rb7 51. Rc1 Ke7 52. Rc5 h6
53. Rc1 Kf6 54. Rc6 g5 55. Ba6 Rb8 56. b5 g4 57. Kb4 h5 58. Kc5 Na4+ 59. Kb4
Nb6 60. Kc5 Na4+ 61. Kb4 Nb6 62. Kc5 1/2-1/2

[Event "66. Offene Kölner Stadtmeisterschaft"]
[Site "Köln"]
[Date "2026.05.14"]
[Round "2.4"]
[White "Gramb, Marius"]
[Black "Brüns, Steffen"]
[Result "1-0"]
[WhiteElo "2223"]
[BlackElo "1872"]
[PlyCount "59"]
[WhiteTeam "Brühler SK 1920 e. V."]
[BlackTeam "SSV Turm Holzgerlingen"]

1. e4 c5 2. Nf3 g6 3. c3 Bg7 4. d4 cxd4 5. cxd4 d5 6. e5 Bg4 7. h3 Bxf3 8. Qxf3
Nc6 9. Bb5 Rc8 10. Nc3 e6 11. O-O Nh6 12. Bxc6+ Rxc6 13. Nb5 O-O 14. Nxa7 Rb6
15. a4 Nf5 16. Qd3 Qd7 17. Nb5 Ra8 18. Bd2 f6 19. f4 Rba6 20. b3 Rc8 21. g4 Ne7
22. Nd6 Rc7 23. Nxb7 Rxb7 24. Qxa6 Rxb3 25. Rfb1 Rxb1+ 26. Rxb1 Kf7 27. Rb7 Qe8
28. Bb4 Bf8 29. f5 Qc8 30. Rxe7+ 1-0

[Event "66. Offene Kölner Stadtmeisterschaft"]
[Site "Köln"]
[Date "2026.05.14"]
[Round "2.5"]
[White "Brüns, Thilo"]
[Black "Vlasov, Igor"]
[Result "0-1"]
[WhiteElo "1864"]
[BlackElo "2215"]
[PlyCount "116"]
[WhiteTeam "SSV Turm Holzgerlingen"]
[BlackTeam "Brühler SK 1920 e. V."]

1. Nf3 Nf6 2. g3 d5 3. Bg2 c6 4. O-O Bf5 5. d4 e6 6. c4 h6 7. Nc3 Nbd7 8. a4
Bb4 9. Qb3 Qb6 10. cxd5 exd5 11. Na2 Bd6 12. Qxb6 axb6 13. Nc3 b5 14. Nh4 Bh7
15. e4 dxe4 16. Nxe4 Nxe4 17. Bxe4 Bxe4 18. Re1 O-O 19. Rxe4 Nf6 20. Re2 Rxa4
21. Rxa4 bxa4 22. Nf5 Re8 23. Kf1 Bf8 24. Rxe8 Nxe8 25. Ke2 Nc7 26. Kd3 h5 27.
Bf4 Nd5 28. Bd6 g6 29. Bxf8 Kxf8 30. Nd6 b6 31. Ke4 Ke7 32. Nc4 Ke6 33. Ne5 Ne7
34. Nc4 b5 35. Ne5 f6 36. Nd3 f5+ 37. Ke3 Kd5 38. Ne5 b4 39. Kd3 a3 40. bxa3
bxa3 41. Nc4 a2 42. Ne3+ Ke6 43. Nc2 Nd5 44. Kc4 f4 45. Kb3 Kf5 46. Kxa2 Kg4
47. Kb3 Kh3 48. Ne1 Kxh2 49. gxf4 Nxf4 50. Kc4 Kg1 51. Nf3+ Kxf2 52. Ng5 h4 53.
Kc5 Kg2 54. Kxc6 h3 55. Nxh3 Kxh3 56. Kd6 g5 57. Ke5 g4 58. Kxf4 g3 0-1

[Event "66. Offene Kölner Stadtmeisterschaft"]
[Site "Köln"]
[Date "2026.05.14"]
[Round "2.6"]
[White "Schumacher, Markus"]
[Black "Raasch, Jörg"]
[Result "1/2-1/2"]
[WhiteElo "1860"]
[BlackElo "2185"]
[PlyCount "97"]
[WhiteTeam "Godesberger SK 1929 e. V"]
[BlackTeam "Klub Kölner SF e. V."]

1. e4 d6 2. d4 Nf6 3. Nc3 c6 4. Nf3 Qa5 5. Bd2 Qc7 6. h3 e5 7. Bd3 Be7 8. O-O
O-O 9. a4 Nbd7 10. Be3 Re8 11. Qd2 Nf8 12. a5 Bd7 13. a6 b5 14. dxe5 dxe5 15.
Ne2 c5 16. Ng3 c4 17. Be2 Bc6 18. Qa5 Bd8 19. Qxc7 Bxc7 20. Nd2 N8d7 21. Bf3
Bb6 22. Nf5 Bxe3 23. Nxe3 Nc5 24. Nd5 Bxd5 25. exd5 e4 26. Be2 Nxd5 27. Ra5 Nc7
28. Nxc4 Re6 29. Ne3 Rxa6 30. Rxa6 N5xa6 31. Ra1 Rb8 32. Nf5 Kf8 33. Nd6 Rb6
34. Nxe4 Rc6 35. c3 Ke7 36. Bf3 Rb6 37. Kf1 f6 38. Nd2 Ne8 39. Nb3 Nd6 40. Nd4
Nc8 41. Be2 Nd6 42. Nxb5 Nxb5 43. Bxb5 Rxb5 44. Rxa6 Rb7 45. b4 Kd7 46. b5 Kc8
47. Rc6+ Kb8 48. c4 Re7 49. g4 1/2-1/2

[Event "66. Offene Kölner Stadtmeisterschaft"]
[Site "Köln"]
[Date "2026.05.14"]
[Round "2.7"]
[White "Nagel, Bernhard"]
[Black "Kovalyov, Dima"]
[Result "1/2-1/2"]
[WhiteElo "2180"]
[BlackElo "1858"]
[PlyCount "72"]
[WhiteTeam "Kölner SK Dr. Lasker 186"]
[BlackTeam "SG Solingen e. V"]

1. e4 c6 2. Nf3 d5 3. Nc3 dxe4 4. Nxe4 Nf6 5. Qe2 Nxe4 6. Qxe4 Nd7 7. Bc4 Nf6
8. Ne5 e6 9. Qe2 Bd6 10. d4 Qc7 11. Bf4 Nd5 12. Bg3 Qa5+ 13. Kf1 Bxe5 14. Bxe5
Qb4 15. c3 Qf8 16. h4 b6 17. h5 f6 18. Bg3 Qf7 19. Bd6 Qd7 20. Ba3 a5 21. Rh4
b5 22. Bxd5 Qxd5 23. Bc5 Qc4 24. Re4 Qxe2+ 25. Kxe2 Kf7 26. f4 Re8 27. Kf2 Rg8
28. Rae1 Bd7 29. R4e3 g5 30. hxg6+ hxg6 31. Rh1 Rh8 32. Reh3 Kg7 33. Be7 Rxh3
34. Rxh3 Re8 35. Bd6 e5 36. Re3 exd4 1/2-1/2

[Event "66. Offene Kölner Stadtmeisterschaft"]
[Site "Köln"]
[Date "2026.05.14"]
[Round "2.8"]
[White "Spiekermann, Thomas"]
[Black "Keller, Thomas"]
[Result "0-1"]
[WhiteElo "1857"]
[BlackElo "2176"]
[PlyCount "90"]
[WhiteTeam "SF Rodenkirchen e. V."]
[BlackTeam "Brühler SK 1920 e. V."]

1. Nf3 d5 2. e3 Nf6 3. b3 Bf5 4. Bb2 Nbd7 5. d4 e6 6. Bd3 Ne4 7. O-O Bd6 8. c4
c6 9. Nc3 Bg6 10. Qc2 f5 11. Ne2 O-O 12. Nf4 Qf6 13. Be2 Rad8 14. Rad1 Rfe8 15.
Qc1 Bf7 16. Nd3 Bh5 17. Nf4 Bxf3 18. Bxf3 g5 19. Nd3 g4 20. Bxe4 fxe4 21. Nf4
Nf8 22. Qc2 Bxf4 23. exf4 Qxf4 24. Bc1 Qf5 25. Qd2 Ng6 26. Qg5 Rf8 27. Be3 Rd7
28. cxd5 Qxg5 29. Bxg5 exd5 30. Be3 Nh4 31. b4 Nf5 32. Rfe1 Nd6 33. a4 Kg7 34.
Rc1 Nc4 35. Rc3 Rdf7 36. Re2 Kg6 37. Bc1 h5 38. h4 a6 39. Rb3 Nd6 40. b5 axb5
41. Ba3 Nf5 42. Bxf8 Nxd4 43. Reb2 Nxb3 44. Rxb3 Rxf8 45. axb5 c5 0-1

[Event "66. Offene Kölner Stadtmeisterschaft"]
[Site "Köln"]
[Date "2026.05.14"]
[Round "2.9"]
[White "Marcziter, Dmitrii"]
[Black "Asadzade, Muhammed"]
[Result "1/2-1/2"]
[WhiteElo "2174"]
[BlackElo "1854"]
[PlyCount "46"]
[WhiteTeam "SG Porz e. V."]
[BlackTeam "SG Solingen e. V"]

1. d4 Nf6 2. c4 e6 3. g3 d5 4. Nf3 dxc4 5. Bg2 c5 6. O-O Nc6 7. Qa4 Bd7 8. dxc5
Bxc5 9. Qxc4 Be7 10. Nc3 Rc8 11. Qf4 Qa5 12. Rd1 O-O 13. Bd2 e5 14. Qh4 Bf5 15.
h3 Rfd8 16. Ng5 Qa6 17. e4 Bg6 18. Nd5 Nxd5 19. exd5 Nd4 20. Qg4 Bf5 21. Qh5
Bg6 22. Qg4 Bf5 23. Qh5 Bg6 1/2-1/2

[Event "66. Offene Kölner Stadtmeisterschaft"]
[Site "Köln"]
[Date "2026.05.14"]
[Round "2.10"]
[White "Riemland, Arnold"]
[Black "Hertling, Jürgen"]
[Result "1-0"]
[WhiteElo "2145"]
[BlackElo "1839"]
[PlyCount "93"]
[WhiteTeam "SG Kalker/Deutze"]
[BlackTeam "Bergische SF Bergisch"]

1. e4 e5 2. Nf3 Nc6 3. Bc4 Bc5 4. b4 Bxb4 5. c3 Be7 6. d4 d6 7. Qb3 Na5 8.
Bxf7+ Kf8 9. Qa4 Kxf7 10. Qxa5 exd4 11. cxd4 c5 12. Qa4 Be6 13. O-O h6 14. dxc5
Bf6 15. e5 dxe5 16. Bb2 Qc7 17. Nc3 Ne7 18. Nb5 Qxc5 19. Rac1 Qb6 20. Nxe5+
Bxe5 21. Bxe5 Rhd8 22. Bc7 Qa6 23. Qxa6 bxa6 24. Bxd8 Rxd8 25. Nxa7 Bxa2 26.
Nc6 Rd6 27. Nxe7 Kxe7 28. Rc7+ Kf6 29. Rfc1 Bd5 30. Rd1 g5 31. Rc3 Ke6 32. Rcd3
Ke5 33. Rd4 Ke6 34. f3 Rd7 35. Kf2 Bc6 36. Rxd7 Bxd7 37. Ke3 Bb5 38. Rd8 Kf6
39. Rd6+ Kg7 40. g3 h5 41. f4 gxf4+ 42. Kxf4 Be2 43. Kg5 Kf7 44. Rd2 Bg4 45.
Ra2 Ke6 46. Rxa6+ Ke5 47. Ra4 1-0

[Event "66. Offene Kölner Stadtmeisterschaft"]
[Site "Köln"]
[Date "2026.05.14"]
[Round "3.1"]
[White "Grabowski, Pawel"]
[Black "Klemenz, Luca"]
[Result "1-0"]
[WhiteElo "2255"]
[BlackElo "2033"]
[PlyCount "81"]
[WhiteTeam "SC Remagen-Sinzig e.V."]
[BlackTeam "Klub Kölner SF e. V."]

1. d4 Nf6 2. Nf3 d5 3. Bf4 c5 4. e3 Nc6 5. c3 Qb6 6. Qc2 Nh5 7. Be5 f6 8. Bg3
g6 9. Nbd2 Nxg3 10. hxg3 Bf5 11. dxc5 Qxc5 12. Qb3 Bg7 13. Nd4 Bd7 14. Bd3
O-O-O 15. Bb5 e5 16. Nxc6 Bxc6 17. Bxc6 Qxc6 18. Nf3 Kb8 19. a4 h6 20. a5 a6
21. O-O g5 22. Rfd1 h5 23. Ra4 Rd7 24. Rb4 Rhd8 25. Rb6 Qc4 26. Rxb7+ Rxb7 27.
Qxc4 dxc4 28. Rxd8+ Kc7 29. Rg8 Kc6 30. Nd2 Rxb2 31. Nxc4 Rb1+ 32. Kh2 Rb7 33.
Ra8 Kc5 34. Rc8+ Kd5 35. e4+ Ke6 36. Rc6+ Ke7 37. Rxa6 Rc7 38. Ne3 Kf7 39. c4
Bf8 40. Rxf6+ Kxf6 41. Nd5+ 1-0

[Event "66. Offene Kölner Stadtmeisterschaft"]
[Site "Köln"]
[Date "2026.05.14"]
[Round "3.2"]
[White "Karimi, Farhad"]
[Black "Gramb, Marius"]
[Result "1/2-1/2"]
[WhiteElo "2045"]
[BlackElo "2223"]
[PlyCount "127"]
[WhiteTeam "Klub Kölner SF e. V."]
[BlackTeam "Brühler SK 1920 e. V."]

1. d4 Nf6 2. c4 e6 3. Nc3 Bb4 4. e3 O-O 5. Nge2 c6 6. a3 Ba5 7. b4 Bc7 8. e4 d5
9. e5 Nfd7 10. cxd5 exd5 11. f4 Qe7 12. Qc2 Bb6 13. Ng3 g6 14. Bb2 Bxd4 15.
Nxd5 cxd5 16. Bxd4 Nc6 17. Bb2 Nb6 18. b5 Na5 19. Bd3 Bd7 20. Bd4 Rfc8 21. Qa2
Nac4 22. O-O Bxb5 23. f5 Qh4 24. Bf2 Qg5 25. Qe2 Re8 26. e6 fxe6 27. fxg6 hxg6
28. a4 Ba6 29. a5 Nd7 30. h4 Qh6 31. h5 Nde5 32. Bd4 Nxd3 33. Qxd3 e5 34. Rf6
e4 35. Qb3 Qd2 36. Nf5 e3 37. Rxg6+ Kf7 38. Rf1 Re6 39. Nxe3+ Ke7 40. Qb4+ Qxb4
41. Nxd5+ Kd6 42. Nxb4 Nxa5 43. Rxe6+ Kxe6 44. Rf6+ Ke7 45. Nd5+ Kd7 46. h6 Bd3
47. Nf4 Bc2 48. Ng6 Nc6 49. Bb2 Ne7 50. Nf8+ Ke8 51. h7 Bxh7 52. Nxh7 Kd7 53.
Nf8+ Ke8 54. Ne6 Rc8 55. Rf8+ Kd7 56. Rxc8 Nxc8 57. Nd4 a5 58. Kf2 Nd6 59. Kf3
b5 60. Kf4 b4 61. Nb3 Nc4 62. Bd4 Ke6 63. Be5 Nxe5 64. Nxa5 1/2-1/2

[Event "66. Offene Kölner Stadtmeisterschaft"]
[Site "Köln"]
[Date "2026.05.14"]
[Round "3.3"]
[White "Vlasov, Igor"]
[Black "Van den Bosch, Arno"]
[Result "1/2-1/2"]
[WhiteElo "2215"]
[BlackElo "2006"]
[PlyCount "108"]
[WhiteTeam "Brühler SK 1920 e. V."]

1. Nf3 d5 2. g3 Nf6 3. Bg2 e6 4. O-O Be7 5. d4 O-O 6. c4 a5 7. Qc2 b6 8. cxd5
exd5 9. Bf4 c5 10. dxc5 bxc5 11. Nc3 Bb7 12. Rfd1 Na6 13. Ne5 Qb6 14. Qb3 Nb4
15. a3 c4 16. Qa4 Bc5 17. e3 h6 18. h4 Rfd8 19. axb4 axb4 20. Qb5 bxc3 21. Qxb6
Bxb6 22. bxc3 Rxa1 23. Rxa1 Bc8 24. Nc6 Re8 25. Bd6 Bd7 26. Ne7+ Kh7 27. Nxd5
Nxd5 28. Bxd5 Be6 29. Be4+ f5 30. Ra8 Rxa8 31. Bxa8 g5 32. h5 Bf7 33. e4 fxe4
34. Bxe4+ Kg8 35. Bf3 Be6 36. g4 Ba5 37. Be5 Kf7 38. Kg2 Bd8 39. Kg3 Bf6 40.
Bxf6 Kxf6 41. Be2 Ke5 42. Kf3 Bf7 43. Ke3 Be6 44. f3 Bd5 45. Bd1 Bf7 46. Bc2
Bd5 47. Be4 Be6 48. Bc6 Bf7 49. Bd7 Bd5 50. Be8 Be6 51. Bg6 Bd5 52. Bh7 Bf7 53.
Bg6 Bd5 54. Be4 Be6 1/2-1/2

[Event "66. Offene Kölner Stadtmeisterschaft"]
[Site "Köln"]
[Date "2026.05.14"]
[Round "3.4"]
[White "Keller, Thomas"]
[Black "Geschke, David"]
[Result "1/2-1/2"]
[WhiteElo "2176"]
[BlackElo "1928"]
[PlyCount "65"]
[WhiteTeam "Brühler SK 1920 e. V."]
[BlackTeam "SG Porz e. V."]

1. d4 Nf6 2. c4 g6 3. g3 Bg7 4. Bg2 d6 5. Nc3 O-O 6. Nf3 Nc6 7. O-O e5 8. dxe5
dxe5 9. Bg5 Be6 10. Nd5 Bxd5 11. cxd5 Qxd5 12. Qxd5 Nxd5 13. Nxe5 Nxe5 14. Bxd5
c6 15. Bb3 h6 16. Bf4 Rfd8 17. Rad1 a5 18. a4 b6 19. h3 g5 20. Bc1 Ng6 21. Kg2
Kf8 22. Bc2 Ke7 23. Be4 Rxd1 24. Rxd1 Rc8 25. f4 gxf4 26. gxf4 b5 27. b3 f5 28.
Bc2 b4 29. Kf2 Ke6 30. Rg1 Bd4+ 31. e3 Nxf4 32. Kf3 Nxh3 33. Rg6+ 1/2-1/2

[Event "66. Offene Kölner Stadtmeisterschaft"]
[Site "Köln"]
[Date "2026.05.14"]
[Round "3.5"]
[White "Xue, Luka"]
[Black "Riemland, Arnold"]
[Result "0-1"]
[WhiteElo "2029"]
[BlackElo "2145"]
[PlyCount "102"]
[WhiteTeam "Düsseldorfer SK 14/25 e."]
[BlackTeam "SG Kalker/Deutze"]

1. d4 c5 2. d5 Nf6 3. c4 e6 4. Nc3 exd5 5. cxd5 d6 6. Nf3 g6 7. Nd2 Bg7 8. e4
O-O 9. Be2 Nbd7 10. O-O Ne8 11. a4 a6 12. Qc2 Rb8 13. f4 Qe7 14. a5 f5 15. Bd3
fxe4 16. Ncxe4 Ndf6 17. Ng5 Ng4 18. Kh1 Bd4 19. Nde4 Bf5 20. h3 Bxe4 21. Nxe4
Nef6 22. Ng5 Nh5 23. hxg4 Ng3+ 24. Kh2 Nxf1+ 25. Bxf1 Qe1 26. Qe2 Qh4+ 27. Nh3
Rbe8 28. Qf3 Re1 29. g3 Qe7 30. Bd3 c4 31. Bf1 Rc8 32. Ng5 c3 33. bxc3 Rxc3 34.
Qg2 Rcxc1 35. Rxc1 Rxc1 36. Ne6 Bg7 37. Bd3 Qf6 38. Qe4 Qb2+ 39. Kh3 Qa1 40.
Nd8 Qf6 41. Nxb7 Rc7 42. Bxa6 Re7 43. g5 Qa1 44. Qf3 Re3 45. Qg2 Qd1 46. Qf1
Re1 47. Qc4 Qh5+ 48. Kg2 Qh1+ 49. Kf2 Qg1+ 50. Kf3 Re3+ 51. Kg4 Qxg3# 0-1

[Event "66. Offene Kölner Stadtmeisterschaft"]
[Site "Köln"]
[Date "2026.05.14"]
[Round "3.6"]
[White "Praszczalek, Jakub"]
[Black "Guelsen, Taylan"]
[Result "1/2-1/2"]
[WhiteElo "1896"]
[BlackElo "2088"]
[PlyCount "43"]
[WhiteTeam "SK Köln-Südwest"]

1. b3 d5 2. Bb2 Nf6 3. Nf3 c5 4. e3 Nc6 5. Bb5 Bd7 6. c4 a6 7. Bxc6 Bxc6 8. Ne5
e6 9. O-O Rc8 10. Nxc6 Rxc6 11. cxd5 exd5 12. d4 cxd4 13. Bxd4 Be7 14. Nd2 O-O
15. Nf3 Ne4 16. Rc1 Bf6 17. Rxc6 bxc6 18. Qc2 Qd6 19. Rd1 Rd8 20. Nd2 c5 21.
Bxf6 Nxf6 22. Nf3 1/2-1/2